00872nam a22002057a 4500003000900000008004100009040007100050082002300121100001200144245003100156260003500187300002800222440003400250505026700284650001400551650002500565650002300590650001400613700003900627AR-CdUCM190509b ||||| |||| 00| 0 spa d aMUNICIPALIDAD PROVINCIAL DEL CUSCOcBIBLIOTECA MUNICIPAL DEL CUSCO a114.1 /bP6622ed. aPlaton. aApología de Sócrates / aBuenos Aires :bEudeba,c1973. a191 páginas ;c20 cm. aColección Los Fundamentales aContenido : El problema de la diversidad de apología de Sócrates -- El texto de la acusación presentada por Meleto y los cargos de Policrates -- El marco jurídico de la acusación de Meleto -- Cronología e historicidad de los escritos socráticos ... aSocrates. aApología de Platon aApologia de Criton aSiglo XX. aEggers Lan, Conrado (Traducción)